| 000 | 02298cam a22003495i 4500 | ||
|---|---|---|---|
| 999 |
_c28115 _d28086 |
||
| 001 | 18329128 | ||
| 003 | EG-ScBUE | ||
| 005 | 20200216113904.0 | ||
| 008 | 141008s2015 enka f b 001 0 eng d | ||
| 020 | _a9780199689699 | ||
| 020 | _a0199689695 | ||
| 035 | _a(OCoLC)ocn906985992 | ||
| 040 |
_aAU@ _beng _erda _cAU@ _dOCLCO _dYDXCP _dIDCWI _dCUI _dBTCTA _dBDX _dCDX _dCUD _dIHI _dOCLCF _dUMS _dUAB _dC7M _dDGU _dA7U _dZLM _dWEA _dLMR _dVRC _dWHCCD _dII3 _dMKN _dHLO _dOCLCQ _dYDX _dOCLCQ _dU3G _dGILDS _dOCLCQ _dDLC _dEG-ScBUE |
||
| 082 | 0 | 4 |
_a364.1323 _bHOL _222 |
| 100 | 1 |
_aHolmes, Leslie, _eauthor. |
|
| 245 | 1 | 0 |
_aCorruption : _ba very short introduction / _cLeslie Holmes. |
| 250 | _aFirst edition. | ||
| 264 | 1 |
_aOxford, United Kingdom : _bOxford University Press, _c2015. |
|
| 300 |
_axxiii, 143 pages : _billustrations ; _c18 cm. |
||
| 336 |
_atext _btxt _2rdacontent |
||
| 337 |
_aunmediated _bn _2rdamedia |
||
| 338 |
_avolume _bnc _2rdacarrier |
||
| 490 | 0 |
_aVery short introductions ; _v426 |
|
| 504 | _aIncludes bibliographical references and index. | ||
| 505 | 0 | 0 |
_tWhat is corruption? -- _tWhy corruption is a problem -- _tCan we measure corruption? -- _tPsycho-social and cultural explanations -- _tSystem-related explanations -- _tWhat can states do? -- _tWhat else can be done? |
| 520 | _a"Corruption is one of the biggest global issues, ahead of extreme poverty, unemployment, the rising cost of food and energy, climate change, and terrorism. It is thought to be one of the principal causes of poverty around the globe. Its significance in the contemporary world cannot be undervalued. In this Very Short Introduction, Leslie Holmes looks the history of corruption across the millennia and considers why the international community has only highlighted it as a problem in the past two decades. Holmes explores the phenomenon from several different perspectives, from the cultural differences affecting how corruption is defined, its impact, its various causes, and the possible remedies. Providing evidence of corruption and considering ways to address it around the world, this is an important introduction to a significant and serious global issue."--Amazon.com. | ||
| 650 | 0 | _aCorruption. | |
| 650 | 6 | _aCorruption. | |
| 653 |
_bBUSBOL _cFebruary2020 |
||
| 942 |
_2ddc _cBB |
||